000 01703cam a22003011i 4500
003 SA-RiAUC
005 20250301185941.0
008 250104s1903 ||| g 000 0 ara c
040 _aSA-JeALM
_bara
_cSA-RiAUC
_erda
082 0 4 _a811.062
090 _a811.062
_bا ب ن هـ
100 1 _aابن هشام، عبد الله بن يوسف بن أحمد،
_d708-761 هجري
_eمؤلف.
245 1 0 _aشرح قصيدة بانت سعاد /
_cأبو محمد جمال الدين بن عبد الله بن هشام الانصاري. وبهامشه حاشيه الإسعاد على بانت سعاد / إبراهيم الباجوري.
264 1 _a[مكان النشر غير محدد] :
_aدبي - الامارات العربية المتحدة.
_b[الناشر غير محدد]،
_bمطبعة كاظم.
_c[بين 1900 و 1999]
264 3 _a[مكان الطبع غير محدد] :
_bالمطبعة الميمنية
300 _a187 صفحة
_c30 سم
336 _aنص
_btxt
_2rdacontent
_3كتاب
337 _aبدون وسيط
_bn
_2rdamedia
338 _aمجلد
_bnc
_2rdacarrier
650 7 _aالشعر العربي الديني
_xتاريخ ونقد
_2aucsh
650 7 _aالمدائح النبوية
_xتاريخ ونقد
_2aucsh
700 0 2 _aكعب بن زهير بن أبي سلمى المازني،
_dتوفي 26 هجري
700 1 2 _aالباجوري، إبراهيم بن محمد بن أحمد،
_d1198-1277 هجري
740 0 2 _aقصيدة بانت سعاد في مدح خير العباد صلى الله عليه وسلم.
740 0 2 _aحاشية الأسعاد على شرح قصيدة بانت سعاد.
942 _2ddc
_cBOOK
_n0
949 _aSA-JeALM
_d250104
_uosman123
_n1
999 _c6235
_d6235